| 000 | 00445nam a22001817a 4500 | ||
|---|---|---|---|
| 005 | 20260415122721.0 | ||
| 008 | 260415b |||||||| |||| 00| 0 eng d | ||
| 020 |
_a9789390346394 _c1799.0 |
||
| 040 | _aMAIN | ||
| 041 | _aEnglish | ||
| 082 |
_a539.7 _bSHA |
||
| 100 |
_aShaw, Cameron _926600 |
||
| 245 | _aNuclear And Particle Physics | ||
| 260 |
_aNew Delhi _bBlackwell Press _c2026 |
||
| 300 | _a281 | ||
| 650 | _aPhysics | ||
| 942 | _cBK | ||
| 999 |
_c60603 _d60603 |
||